[Event "Schleswig Holstein-ch H 63rd"]
[Site "Gross Groenau"]
[Date "2008.03.19"]
[Round "7"]
[White "Wiecki, Josef"]
[Black "Pleus, Ansgar"]
[Result "1/2-1/2"]
[WhiteElo "1629"]
[BlackElo "1726"]
[PlyCount "42"]
[EventDate "2008.03.15"]
[EventType "swiss"]
[EventRounds "9"]
[EventCountry "GER"]
[SourceTitle "EXT 2010"]
[Source "ChessBase"]
[SourceDate "2010.11.25"]
[SourceVersion "1"]
[SourceVersionDate "2010.11.25"]
[SourceQuality "1"]

1. d4 d5 2. e3 Nf6 3. Nf3 Bf5 4. Bd3 Bxd3 5. Qxd3 Nbd7 6. Qb5 Rb8 7. Qd3 e6 8. 0-0 c6 9. Nbd2 Bd6 10. h3 0-0 11. b3 e5 12. dxe5 Nxe5 13. Qe2 Re8 14. Bb2 Qe7 15. c4 dxc4 16. Nxc4 Nxc4 17. Qxc4 Nd7 18. Qd4 Ne5 19. Nxe5 Bxe5 20. Qxe5 Qxe5 21. Bxe5 Rxe5 1/2-1/2

[Event "Schleswig Holstein-ch H 63rd"]
[Site "Gross Groenau"]
[Date "2008.03.18"]
[Round "5"]
[White "Pleus, Ansgar"]
[Black "Hartendauer, Frank"]
[Result "1/2-1/2"]
[WhiteElo "1726"]
[BlackElo "1521"]
[PlyCount "122"]
[EventDate "2008.03.15"]
[EventType "swiss"]
[EventRounds "9"]
[EventCountry "GER"]
[SourceTitle "EXT 2010"]
[Source "ChessBase"]
[SourceDate "2010.11.25"]
[SourceVersion "1"]
[SourceVersionDate "2010.11.25"]
[SourceQuality "1"]

1. d4 d5 2. Nf3 Nf6 3. e3 e6 4. Bd3 c5 5. c3 Nc6 6. Nbd2 Be7 7. 0-0 0-0 8. Ne5 cxd4 9. exd4 h6 10. f4 Bd7 11. Qf3 Be8 12. Qh3 Nh7 13. Ndf3 f5 14. g4 fxg4 15. Qxg4 Nf6 16. Qxe6+ Kh8 17. Qh3 Nh5 18. f5 Nxe5 19. Nxe5 Bg5 20. Kh1 Bxc1 21. Raxc1 Rc8 22. Ng6+ Bxg6 23. fxg6 Nf4 24. Qg3 Nxd3 25. Qxd3 Qe7 26. Rce1 Rxf1+ 27. Rxf1 Qe4+ 28. Qxe4 dxe4 29. Kg2 Kg8 30. d5 Rd8 31. Rf7 Rxd5 32. Rxb7 Rd2+ 33. Kg3 Kf8 34. Kf4 e3 35. Kxe3 Rxh2 36. Kf3 Rd2 37. Kf4 Rf2+ 38. Ke5 Rf6 39. Rb8+ Ke7 40. Rb7+ Kf8 41. Rxa7 Rxg6 42. c4 Rb6 43. b3 h5 44. c5 Rh6 45. Ra8+ Kf7 46. Rd8 h4 47. Rd7+ Kf8 48. Rd2 Ke7 49. b4 h3 50. Rh2 Rh5+ 51. Kf4 Rh4+ 52. Kg3 Rxb4 53. Rc2 Kd7 54. Kxh3 Kc6 55. Rg2 Kxc5 56. Rxg7 Ra4 57. Rg5+ Kb4 58. Rg2 Ka3 59. Kg3 Rb4 60. Kf3 Rb1 61. Ke3 Ra1 1/2-1/2